| 000 | 00394nam a22001577a 4500 | ||
|---|---|---|---|
| 008 | 171109b xxu||||| |||| 00| | tur d | ||
| 020 | _a9751713552 | ||
| 041 | _atur | ||
| 050 | _aPL219 | ||
| 100 |
_aOktay, Ahmet _9228 |
||
| 245 | _aCumhuriyet Dönemi Edebiyatı, 1923-1950 | ||
| 250 | _a1.Baskı | ||
| 260 |
_aAnkara _bKültür Bakanlığı _c1993 |
||
| 300 | _a1300 Sayfa | ||
| 942 |
_2lcc _cBK |
||
| 999 |
_c1666 _d1641 |
||